00489nam a2200169Ia 450000500170000000800460001703700130006304000210007604100130009708400210011024500540013124500340018526000480021930000090026736500110027665000320028720250508160720.0008 250505s9999 xx 000 0 eng d aTextBook aFEDL bengcFEDL aeng2eng a420.7, REGqFEDL 0aTeaching english : Notes for teachers in training 0cRegional Institute of English aDelhi, IndiabOxford University Pressc1972 a150p aINRb9 aEnglish Language - Teaching